000 01858nam0a2200361 4500
001 RU\NLR\BIBL_A\010511053
005 20250630151928.0
010 _a978-5-9266-0680-2
_9100
021 _aRU
_b2014-62117
_93783
035 _a(NLR Aleph) 010511053
035 _a(NILC)RuMoRGB-007537227
090 _a10178840
_c10178840
100 _a20141027d2014 |||y0rusy50 ca
101 0 _arus
102 _aRU
105 _aa|||j|||001yy
200 1 _aРасследование телефонных мошенничеств
_eучебное пособие
_e[для курсантов, слушателей и студентов высших учебных заведений юрилического профиля]
_fД.А. Мезеря, С.В. Пахомов
_gМ-во внутрен. дел Рос. Федерации, Краснод. ун-т
210 _aКраснодар
_cКрУ МВД России
_d2014
215 _a83, [1] с.
_cил.
_d20
300 _aВ вып. дан. 2-й авт.: Пахомов С.В., к.ю.н., доц.
320 _aБиблиогр.: с. 61 (14 назв.) и в подстроч. примеч.
606 1 _aМошенничество
_jУчебные издания для высших учебных заведений
_xРасследование
_yРоссийская Федерация
_92115275
_3RU\NLR\AUTH\661277939
610 0 _aтелефонное мошенничество - расследование
686 1 _aХ629.431.53я73
700 1 _aМезеря
_bД. А.
_gДмитрий Александрович
701 1 _aПахомов
_bС. В.
_gСергей Валерьевич
801 0 _aRU
_bРГБ
_c20140819
_gRCR
801 1 _aRU
_bРГБ
_c20140819
_2rusmarc
942 _cBOOK
980 _aNBR
980 _aNB